00745nac a22002051u 4500020001500000082001700015090001500032100003400047245009300081260003500174300002500209500002600234504005200260511002600312650002300338650002100361942002000382999001500402952012200417 a1851683267 a297.272bAYO c7263d7263 aAyoub, Mahmoud M.  aThe crisis of Muslim history :a religion and politics in early Islam /c Mahmoud Ayoub. aOxford :bOneworld,2003.c2003 a ix, 179 p. ;c 23cm adistributer: Al-Ahram a Includes bibliographical references and index. acatalogued by: wessam aIslam and politics a IslamxHistory. cBBk297.272 AYO c7263d7263 00104070aMAINbMAINcLOWd2017-01-08ePurchasel6m13o297.272 AYOp000008326r2025-07-15 00:00:00s2023-10-26yBB